00972cam a22002531 4500001001300000003000400013005001700017008004100034010001700075040005600092043001200148050002200160051002600182100004800208245006700256260004800323300008900371490005100460500008600511504003500597650002100632740004800653999001700701gs 38000292 DLC20260227111343.0770317s1938 dcuab b f000 0 eng c ags 38000292  aU.S. Geol. survey. Library (200)E no. 904cakdDLC an-us-ak00aQE75b.B9 no. 904 aQE84.S6bM58cCopy 2.1 aMoffit, Fred H.q(Fred Howard),d1874-1958?00aGeology of the Slana-Tok district, Alaska,cby Fred H. Moffit. aWashington,bU.S. Govt. print. off.,c1938. aiv, 54 p. incl. illus., tables, diagrs.b4 pl. (incl. fold. map (in pocket))c23 cm.0 aUnited States. Geological survey. Bulletin 904 aAt head of title: United States Department of the interior ... Geological survey. aBibliographical foot-notes ... 0aGeologyzAlaska.0 aSlana-Tok district, Alaska, Geology of the. c27499d27499